000 00574nam a2200181Ia 4500
008 151202s9999||||xx |||||||||||||| ||und||
082 _bPNVM-32275
100 _aचेस शिरानकर.
245 _aविलक्षण सूड.
260 _b"मनोरंजन प्रकाशन,मुंबई."
260 _c1977
300 _a259
600 _aचेस शिरानकर.
630 _aविलक्षण सूड.
700 _aचेस शिरानकर.
730 _aविलक्षण सूड.
942 _cBOOK
999 _c1298236
_d1298233